Sports Quiz

Random Sports or NFL Quiz
Score 0/20 Timer 03:00
1 Play Today
Team Name (A) (A) or (B) % Correct
San Francisco 49ers ???
91.8%
Philadelphia 76ers???
91.4%
Minnesota Timberwolves???
91.2%
Liverpool FC???
89.2%
Pittsburgh Stealers???
88.2%
Chicago White Socks???
88%
St. Louis Blues???
86.7%
New York Yankees???
83.8%
Philadelphia Philies???
83.1%
Seattle Storms???
81.4%
Team Name (A) (A) or (B) % Correct
Buffalo Sabres???
81.2%
New York Nicks???
81.2%
Montreal Canadians???
71.3%
DC United???
66.3%
Manchester City FC???
59.2%
San Jose Earthquakes???
58%
Portland Trail Blazers???
52.3%
Connecticut Suns???
46.8%
Reál Madrid C.F.???
35.4%
Swansea City FC???
31.5%

You're not logged in!

Compare scores with friends on all Sporcle quizzes.
OR
Log In

Sporcle TV

Today on Sporcle TV


Watch our educational content, quiz creation guides, and fun videos on Sporcle TV.

Show Comments

Extras

Top Quizzes Today


Score Distribution

Your Account Isn't Verified!

In order to create a playlist on Sporcle, you need to verify the email address you used during registration. Go to your Sporcle Settings to finish the process.

Report this User

Report this user for behavior that violates our Community Guidelines.

Details: